000 00710nam a2200217 a 4500
003 DO-SdBNP
005 20220518111653.0
007 ta
008 220518e2007 dr a|||grf||| 001 0 spa d
040 _aDO-SdBNP
_bspa
_cBNPHU
082 4 _222
_bA696h
245 1 0 _aManual de hardware /
_cClaudio Rafael Arias
260 _aSanto Domingo :
_bCENTU,
_c2007
300 _a112 p. :
_bil. ;
_c27 cm.
590 _aInventariado 2022 / MF
650 4 _96111
_aMicrocomputadores
_vHardware
_xRepública Dominicana
650 4 _94473
_aComputadores
_vSistemas Operacionales
_xRepública Dominicana
710 2 _973613
_aCentro de Tecnología Universal (CENTU), República Dominicana
910 _aMFeliz
942 _2ddc
_cLBS1
999 _c51754
_d51754